| 000 | 00695nam a22002297a 4500 | ||
|---|---|---|---|
| 003 | OSt | ||
| 005 | 20180116192412.0 | ||
| 008 | 121205t2004 xxu||||| |||| 00| 0 eng d | ||
| 020 | _a1592232019 | ||
| 020 | _a 9781592232017 | ||
| 040 | _c0 | ||
| 082 | _a721.0973 | ||
| 100 | 1 |
_aReiss, Marcia _96027 |
|
| 245 | 1 | 0 |
_aArchitectural details / _cMarcia Reiss. |
| 260 |
_aSan Diego, CA : _bThunder Bay Press, _c2004. |
||
| 300 |
_a256 p. : _bill. (some col.) ; _c18 cm. |
||
| 650 |
_aArchitecture _xDetails _96028 |
||
| 650 |
_aArchitecture _zUnited States _96029 |
||
| 650 |
_aArchitecture _xThemes, motives _96030 |
||
| 942 |
_2ddc _cBK |
||
| 999 |
_c353572 _d353572 |
||